[Event "Titled Tuesday intern op 25th Mar Early"]
[Site "Chess.com INT"]
[Date "2025.03.25"]
[Round "11"]
[White "Tamano, Ruby"]
[Black "Dilanyan, Grigor"]
[Result "0-1"]
[WhiteElo "2173"]
[BlackElo "2191"]
[PlyCount "48"]
[EventDate "2025.03.25"]
[EventType "swiss (blitz)"]
[EventRounds "11"]
[EventCountry "USA"]
[SourceTitle "CB14_2025"]
[SourceDate "2024.11.01"]
[SourceVersion "1"]
[SourceVersionDate "2024.11.01"]
[SourceQuality "1"]

1. d4 Nf6 2. Nf3 c5 3. d5 e6 4. c4 b5 5. e4 exd5 6. e5 dxc4 7. exf6 Qxf6 8. Nc3 b4 9. Nd5 Qe6+ 10. Be3 Bd6 11. Bxc4 Qg4 12. h3 Qxc4 13. Nf6+ gxf6 14. Qxd6 Ba6 15. Kd1 Nc6 16. Re1 0-0-0 17. Rc1 Qxa2 18. Bf4 Kb7 19. Rxc5 Qb1+ 20. Rc1 Qxb2 21. Nd2 Qd4 22. Qc7+ Ka8 23. Be3 Qe5 24. Rxc6 Qa1+ 0-1

[Event "Titled Tuesday intern op 26th Nov Late"]
[Site "Chess.com INT"]
[Date "2024.11.26"]
[Round "10"]
[White "Floresvillar Gonzalez, Luis Miguel"]
[Black "Tamano, Ruby"]
[Result "0-1"]
[WhiteElo "2012"]
[BlackElo "2173"]
[PlyCount "102"]
[EventDate "2024.11.26"]
[EventType "swiss (blitz)"]
[EventRounds "11"]
[EventCountry "USA"]
[SourceTitle "CB49_2024"]
[SourceDate "2024.12.04"]
[SourceVersion "1"]
[SourceVersionDate "2024.12.04"]
[SourceQuality "1"]

1. d4 Nf6 2. c3 g6 3. Bg5 Bg7 4. Nd2 d5 5. e3 0-0 6. Bd3 c5 7. Ngf3 Qb6 8. Rb1 Nc6 9. 0-0 Re8 10. Bf4 Nh5 11. Be5 f6 12. Bg3 e5 13. dxe5 fxe5 14. e4 d4 15. cxd4 Nxd4 16. Nxd4 cxd4 17. Qb3+ Be6 18. Qxb6 axb6 19. a3 Nxg3 20. hxg3 Rec8 21. Rbc1 Bh6 22. Rxc8+ Rxc8 23. f4 b5 24. Kf2 Bc4 25. Ke2 Rf8 26. fxe5 Bxd2 27. Rxf8+ Kxf8 28. Kxd2 Ke7 29. b3 Bxb3 30. Bxb5 Ke6 31. Kd3 Kxe5 32. Bd7 Ba2 33. Bc8 Bb1+ 34. Kc4 Bxe4 35. a4 Bxg2 36. a5 h5 37. Kd3 Bf1+ 38. Kd2 Ba6 39. Bd7 g5 40. Be8 h4 41. gxh4 gxh4 42. Bd7 Kf4 43. Bc8 Kg3 44. Bf5 h3 45. Be4 Kf2 46. Bf5 h2 47. Be4 Kg1 48. Ke1 h1Q 49. Bxh1 Kxh1 50. Kd2 Kg2 51. Kc2 Kf3 0-1

[Event "Titled Tuesday intern op 26th Nov Late"]
[Site "Chess.com INT"]
[Date "2024.11.26"]
[Round "7"]
[White "Tamano, Ruby"]
[Black "Lukachewski Junior, Wanderlei"]
[Result "1-0"]
[WhiteElo "2173"]
[BlackElo "2055"]
[PlyCount "127"]
[EventDate "2024.11.26"]
[EventType "swiss (blitz)"]
[EventRounds "11"]
[EventCountry "USA"]
[SourceTitle "CB49_2024"]
[SourceDate "2024.12.04"]
[SourceVersion "1"]
[SourceVersionDate "2024.12.04"]
[SourceQuality "1"]

1. Nf3 Nf6 2. g3 g6 3. Bg2 Bg7 4. 0-0 0-0 5. d3 c6 6. c4 d5 7. Nc3 Re8 8. Qb3 Qb6 9. Be3 Qxb3 10. axb3 a6 11. h3 Nbd7 12. Rfc1 e6 13. Na4 h6 14. b4 Rb8 15. Ba7 Ra8 16. Bd4 b5 17. Nc5 Nxc5 18. Bxc5 Bb7 19. cxd5 cxd5 20. d4 Ne4 21. e3 Rec8 22. Ne1 Nd2 23. Rc3 e5 24. Rd1 exd4 25. exd4 Nc4 26. Nd3 a5 27. b3 Na3 28. bxa5 b4 29. Nxb4 Nb5 30. Re3 Rxa5 31. Bxd5 Bxd5 32. Nxd5 Rd8 33. Bb6 Rxd5 34. Bxa5 Nxd4 35. Bc3 Nf3+ 36. Rxf3 Rxd1+ 37. Kg2 Bxc3 38. Rxc3 Rb1 39. Kf3 Kg7 40. Ke3 Rb2 41. f3 h5 42. h4 Kf6 43. Kd4 Rg2 44. f4 Kf5 45. Kc5 Kg4 46. b4 Rxg3 47. Rxg3+ Kxg3 48. b5 Kxh4 49. b6 Kg3 50. b7 h4 51. b8Q h3 52. f5+ Kg2 53. fxg6 fxg6 54. Qb2+ Kg1 55. Qc1+ Kg2 56. Qc2+ Kg1 57. Qxg6+ Kh2 58. Qc2+ Kg3 59. Qd3+ Kg2 60. Qe2+ Kg1 61. Qe3+ Kg2 62. Qe4+ Kg1 63. Qg4+ Kh2 64. Kd4 1-0

[Event "Titled Tuesday intern op 26th Nov Late"]
[Site "Chess.com INT"]
[Date "2024.11.26"]
[Round "5"]
[White "Tamano, Ruby"]
[Black "Ruperez Benito, Antonio"]
[Result "1-0"]
[WhiteElo "2173"]
[BlackElo "2333"]
[PlyCount "95"]
[EventDate "2024.11.26"]
[EventType "swiss (blitz)"]
[EventRounds "11"]
[EventCountry "USA"]
[SourceTitle "CB49_2024"]
[SourceDate "2024.12.04"]
[SourceVersion "1"]
[SourceVersionDate "2024.12.04"]
[SourceQuality "1"]

1. Nf3 Nf6 2. g3 g6 3. Bg2 Bg7 4. 0-0 d6 5. d3 0-0 6. c4 c5 7. Nc3 Nc6 8. Rb1 Bg4 9. h3 Bd7 10. a3 Qc8 11. Kh2 a5 12. Bd2 h6 13. e3 a4 14. Nxa4 Qc7 15. Nc3 Kh7 16. Qe2 g5 17. Rfc1 g4 18. Nh4 gxh3 19. Bxh3 Bxh3 20. Kxh3 Qd7+ 21. Kg2 Ne5 22. Rh1 Rh8 23. d4 cxd4 24. exd4 Qc6+ 25. f3 Nxc4 26. Nf5 Nxd2 27. Qxd2 h5 28. Qd3 Qa6 29. Nb5 Kg8 30. Nxe7+ Kf8 31. Nf5 Nd5 32. Qc4 Nf6 33. Qb4 Rd8 34. Rbe1 Nd5 35. Qc4 Qc6 36. Qxc6 bxc6 37. Nbxd6 Bxd4 38. Nxf7 Kxf7 39. Nxd4 h4 40. Nxc6 Rc8 41. Ne5+ Kf6 42. Ng4+ Kf7 43. Ne5+ Kf6 44. Ng4+ Kf7 45. Re2 hxg3 46. Rxh8 Nf4+ 47. Kf1 g2+ 48. Kf2 1-0